000 00856nam a22001937a 4500
003 OSt
005 20210416111350.0
008 210305s2001 ||||| |||| 00| 0 eng d
040 _aeng
_beng
_cDLC
041 _aeng
_ageo
_arus
080 _a7
_bP-52
100 _91259
_aPetviashvili, Rusudan / ფეტვიაშვილი, რუსუდან / Петвиашвили, Русудан
245 _aRusudan Petviashvili / Art Gallery / რუსუდან ფეტვიაშვილი / გალერეა
_b: Русудан Петвиашвили / Галерея
_c/ by: Omega, Tegi / ომეგა თეგი
260 _aთბილისი / Tbilisi / ТБилиси
_bOmega, Tegi / ომეგა თეგი
_c2001
300 _a54 p.
_bill.
650 0 _9447
_aArt
653 _aხელოვნება
942 _2udc
_cBK
999 _c1982
_d1982